000 00736nam a2200217Ii 4500
003 JO-AjNU
008 230605s9999||||xx |||||||||||||| ||und||
017 _a2003/9/2106
040 _aJO-AjNU
_bara
_erda
_cJO-AjNU
041 _aara
050 1 4 _aBD168.A7.T57.2004
100 3 _aالطيطي،محمد حمد,
_eauthor
_922668
245 0 0 _aالبنية المعرفية لاكتساب المفاهيم :تعلمها وتعليمها
250 _aط1
264 3 1 _aاربد:دار الامل 2003
300 _a267ص
336 _atext
_btxt
_2rdacontent
337 _aunmediated
_bn
_2rdamedia
338 _avolume
_bnc
_2rdacarrier
650 4 _aالتربية-المعلومات-نقل المعلومات-الثقافة
_922669
999 _aA8083
_c11651
_d11651